Statistics for UK Top 100 Baby Girl Names 2019 - Alphabetical

Click here to take the quiz!

General Stats

  • This quiz has been taken 609 times
  • The average score is 63 of 100

Answer Stats

% Correct
1OOlivia
93%
82AAnna
91%
59EEmma
91%
4AAva
89%
2AAmelia
88%
18CCharlotte
88%
6IIsabella
88%
11EEmily
87%
86LLilly
86%
9LLily
86%
13EElla
85%
68HHannah
85%
96ZZoe
85%
38EEliza
84%
8GGrace
84%
35EEva
82%
88SSara
82%
55EElizabeth
81%
26SSofia
81%
7SSophia
81%
83AAbigail
80%
63EEllie
80%
3IIsla
80%
61LLucy
80%
25AAlice
79%
56RRose
79%
66ZZara
79%
31DDaisy
78%
20EEvelyn
78%
5MMia
78%
23SSophie
78%
39CChloe
76%
12IIvy
76%
28IIsabelle
75%
53BBella
74%
51VViolet
74%
19WWillow
74%
57MMolly
72%
52EEleanor
71%
33JJessica
71%
69MMaria
71%
15EEvie
70%
27RRuby
70%
14RRosie
69%
42AAria
68%
16FFlorence
68%
72HHolly
68%
17PPoppy
68%
10FFreya
67%
60LLola
65%
87AAnnabelle
64%
75GGeorgia
64%
74GGracie
63%
37MMillie
63%
41PPenelope
63%
21EElsie
61%
81IIris
61%
34MMaya
61%
29HHarper
59%
91CClara
58%
54EErin
58%
45IImogen
57%
73JJasmine
56%
48LLayla
56%
36LLuna
56%
47AAda
55%
49HHarriet
55%
40MMaisie
54%
97LLara
53%
79AAmber
52%
80AAmelie
52%
95MMartha
52%
22PPhoebe
52%
44SScarlett
52%
43EEsme
51%
50MMila
51%
24SSienna
50%
30MMatilda
49%
89EEdith
48%
78OOrla
48%
77DDarcie
42%
70AAurora
40%
90BBeatrice
40%
64NNancy
40%
76DDelilah
39%
32EEmilia
39%
93HHeidi
39%
92SSummer
39%
46TThea
39%
100FFelicity
38%
58HHallie
38%
71AArabella
37%
62BBonnie
36%
98LLyla
34%
84AAyla
33%
99MMabel
33%
67LLottie
30%
85MMaryam
20%
94MMargot
17%
65RRobyn
15%

Score Distribution

Percentile by Number Answered

Percent of People with Each Score

Your Score History

You have not taken this quiz